| 000 | 00408cam a2200169ua 4500 | ||
|---|---|---|---|
| 001 | 9330 | ||
| 008 | 120119n1996 II |||gr||||Z||||||eng | ||
| 040 | _aMAIN | ||
| 041 | _aEnglish | ||
| 082 | _a530 KAM | ||
| 100 | _aKAMAL, A. A. | ||
| 245 | _aSOLUTIONS TO RESNICK AND HALLIDAY PHYSICS PART I | ||
| 260 |
_aNEW DELHI _bNEW AGE INTERNATIONAL LTD. _c1996 |
||
| 300 | _a423. | ||
| 653 | _aPhysics | ||
| 942 | _cBK | ||
| 999 |
_c9306 _d9306 |
||